00715nam a2200157Ia 4500008004100000100002500041245015200066245009200218260005300310260001800363300000800381650001500389856006100404999001900465952007300484170221s9999 xx 000 0 und d aAleksandr A. Nikitin 4aThe Management of Advanced Training of Engineering and Technical Specialists Based on the Interaction between Universities and Business-Structures  cAleksandr A. Nikitin, Mikhail P. Palyanov, Marina V. Morozova, Aleksandr S. Markovichev bInternational Review of Management and Marketing cDecember 2012 a4:2 xMarketing. uhttp://www.econjournals.com/index.php/irmm/issue/view/64 c310458d310458 001040aCLbCLd2017-02-21l0r2017-02-21 00:00:00w2017-02-21yFOJ